000 00481nam a2200193Ia 4500
005 20240823050858.0
008 240823s9999||||xx |||||||||||||| ||und||
020 _a81-7409-147-5
041 _aENGLISH
082 _A621.381 P2
100 _aMaini A K
245 0 _aDigital Electronics Principles and Applications
250 _a1st
260 _c2002
_b"Khanna Publishers,"
500 _aYES
650 _aDigital Electronics
_bElectronics
942 _cBK
999 _c218268
_d218268